000 00874nac a22002657a 4500
001 BR8105875
003 BR-BrBNA
005 20240105115053.0
008 230509b bl.|||m| |||| 00| 0 por d
040 _aBR-BrBNA
_bpor
_cBiblioteca Nacional de Agricultura
072 _aF30
090 _a0120 BR8105875
100 1 _aLordelo, J.A.C.
110 1 _aEmpresa de Pesquisa Agropecuaria da Bahia, Salvador (Brasil)
_94095
245 1 _aEstabilidade fenotipica da producao de graos de milho na Bahia [Zea mays, Brasil]
260 3 _aSalvador, BA (Brasil):
_c1981.
300 _a11 p.
490 _aComunicado Tecnico - Empresa de Pesquisa Agropecuaria da Bahia (Brazil)
_vno. 8
_xISSN 0100-4816
650 _aGENETICA VEGETAL
650 _aFENOTIPO
650 _aMILHO
650 _aBAHIA
909 _a202312
_bLúcia Elande
_c55
_dLúcia Elande
942 _2AGRIS
_n0
_cMS
999 _c272884
_d272884